| 000 | 01625nam a2200337Ia 4500 | ||
|---|---|---|---|
| 001 | ebr10174077 | ||
| 003 | CaPaEBR | ||
| 006 | m u | ||
| 007 | cr cn||||||||| | ||
| 008 | 041206s2003 njua sb 100 0 eng d | ||
| 020 | _z9812389210 | ||
| 040 |
_aCaPaEBR _cCaPaEBR |
||
| 035 | _a(OCoLC)614489106 | ||
| 050 | 1 | 4 |
_aQC233 _b.T446 2003eb |
| 245 | 0 | 0 |
_aTheoretical and computational acoustics 2003 _h[electronic resource] : _bHonolulu, Hawaii, 11-15 August 2003 / _ceditors, Alexandra Tolstoy, Yu-Chiung Teng, E.C. Shang. |
| 260 |
_aRiver Edge, N.J. : _bWorld Scientific, _cc2003. |
||
| 300 |
_ax, 481 p. : _bill. |
||
| 500 | _a"The sixth International Conference on Theoretical and Computational Acoustics (ICTCA) was held August 11-15, 2003 at the Sheraton Waikiki Hotel in Honolulu, Hawaii."--P. v. | ||
| 504 | _aIncludes bibliographical references. | ||
| 533 |
_aElectronic reproduction. _bPalo Alto, Calif. : _cebrary, _d2009. _nAvailable via World Wide Web. _nAccess may be limited to ebrary affiliated libraries. |
||
| 650 | 0 |
_aSound-waves _xMeasurement _vCongresses. |
|
| 650 | 0 |
_aSound-waves _xMathematical models _vCongresses. |
|
| 650 | 0 |
_aUnderwater acoustics _vCongresses. |
|
| 655 | 7 |
_aElectronic books. _2local |
|
| 700 | 1 |
_aTolstoy, Alexandra, _cDr. |
|
| 700 | 1 | _aTeng, Yu-Chiung. | |
| 700 | 1 | _aShang, Erchang. | |
| 710 | 2 | _aebrary, Inc. | |
| 711 | 2 |
_aInternational Conference on Theoretical and Computational Acoustics _n(6th : _d2003 : _cHonolulu, Hawaii) |
|
| 856 | 4 | 0 |
_uhttp://site.ebrary.com/lib/rucke/Doc?id=10174077 _zAn electronic book accessible through the World Wide Web; click to view |
| 999 |
_c138309 _d138309 |
||